000 01319nam a22003617a 4500
003 CHAP
005 20220329133459.0
008 971013s1988 r 00010 d
010 _a6883
011 _a7855
035 _a7080
040 _cCHAP
090 _aFolleto 14128
100 0 0 _aQuintillán, Ana.
_993451
245 _aPlan de protección contra incendios forestales para el parque de vacaciones para funcionarios de VTE-ANTEL
260 _aMontevideo :
_bUniversidad de la República. Facultad de Agronomía,
_c1988
300 _a8 p
490 _aUniversidad de la República. Facultad de Agronomía. Tesis resumen
_v; 3
590 _aBATCH-UPD
_b10
_c20130110
_lUCH01
_h0225
590 _aBATCH-UPD
_b10
_c20130110
_lUCH01
_h1655
590 _aBATCH-UPD
_b10
_c20130409
_lUCH01
_h2246
590 _aBATCH-UPD
_b10
_c20130410
_lUCH01
_h1044
590 _aBATCH-UPD
_b10
_c20130914
_lUCH01
_h0707
590 _aCONVERSION
_b10
_c20130109
_lUCH01
_h1305
650 1 4 _aBosques
_xIncendios.
_914211
650 1 4 _aBosques
_xProtección.
_914369
700 0 _aParentini, José.
_985543
700 0 _aTamburi, Pierina.
_9111550
830 0 _aUniversidad de la República. Facultad de Agronomía. Tesis resumen
_v; 3
_9116439
901 _aBK
942 _cFOLL
949 _aFolleto 14128
_bBC
_cFOLL
_d-16874
_eTS1
_i7080
_si
999 _c6883
_d6883